[Event "76. LJUBLJANSKA SAHOVSKA LIGA 2024"]
[Site "gostovanja"]
[Date "2024.04.14"]
[Round "8.1"]
[White "Olenik Campa, Rudi"]
[Black "Justin, Matjaz"]
[Result "1/2-1/2"]
[WhiteElo "2299"]
[BlackElo "2209"]
[PlyCount "70"]
[EventDate "2024.01.18"]
[WhiteTeam "SK LJUBLJANA TAJFUN"]
[BlackTeam "SD VRHNIKA"]

1. e4 c5 2. Nf3 d6 3. d4 cxd4 4. Nxd4 Nf6 5. Nc3 a6 6. g3 e5 7. Nde2 Nbd7 8. a4
b6 9. Nd5 Bb7 10. Nec3 Rc8 11. Be3 Be7 12. Bg2 O-O 13. O-O Nxd5 14. Nxd5 Bxd5
15. Qxd5 Rxc2 16. b4 a5 17. Rfb1 axb4 18. Rxb4 Qc7 19. Bh3 Nc5 20. Qd1 Rc3 21.
Rab1 Ra8 22. Qd5 Qa7 23. Bf1 Rf8 24. Bc4 Nxa4 25. Ra1 Rxe3 26. Raxa4 Re1+ 27.
Kg2 Qc7 28. Ra8 Bd8 29. Rba4 Rc1 30. R8a7 Qc5 31. Rd7 Qxd5 32. Bxd5 Rc7 33.
Rxd6 Be7 34. Rxb6 Bc5 35. Rc6 Rxc6 1/2-1/2

[Event "76. LJUBLJANSKA SAHOVSKA LIGA 2024"]
[Site "gostovanja"]
[Date "2024.04.14"]
[Round "8.1"]
[White "Siraj, Svit"]
[Black "Marinko, Peter"]
[Result "1/2-1/2"]
[WhiteElo "2182"]
[BlackElo "2050"]
[PlyCount "103"]
[EventDate "2024.01.18"]
[WhiteTeam "SD VRHNIKA"]
[BlackTeam "SK LJUBLJANA TAJFUN"]

1. e4 d6 2. d4 Nf6 3. f3 g6 4. Be3 Bg7 5. Nc3 a6 6. Qd2 h6 7. a4 Nc6 8. Nh3
Bxh3 9. gxh3 e5 10. d5 Nd4 11. Bxd4 exd4 12. Ne2 Nh5 13. Bg2 Qh4+ 14. Kd1 Qf2
15. Ng3 Qxd2+ 16. Kxd2 Nf4 17. Bf1 c6 18. Ne2 Nxe2 19. Bxe2 cxd5 20. exd5 O-O
21. Bc4 Rfe8 22. Rae1 h5 23. Kd3 Bf6 24. Rhf1 Kf8 25. Rh1 Rab8 26. Rhf1 Rbc8
27. Bb3 Rc7 28. Rxe8+ Kxe8 29. Re1+ Re7 30. Rxe7+ Kxe7 31. Ke4 b5 32. axb5 axb5
33. f4 Kd7 34. Kd3 Kc7 35. c3 dxc3 36. bxc3 Kb6 37. c4 b4 38. Ba4 g5 39. f5 Be5
40. Bd1 h4 41. Kc2 Kc5 42. Kb3 Bxh2 43. Bh5 Be5 44. Bd1 Bc3 45. Bh5 Kd4 46. Bd1
Ke4 47. Bg4 Be1 48. Kc2 f6 49. Kb3 Kf4 50. Kc2 Ke3 51. Kb3 Kd3 52. Bd1 1/2-1/2

[Event "76. LJUBLJANSKA SAHOVSKA LIGA 2024"]
[Site "gostovanja"]
[Date "2024.04.14"]
[Round "8.1"]
[White "Persl, Bojan"]
[Black "Siraj, Anej"]
[Result "1/2-1/2"]
[WhiteElo "2030"]
[BlackElo "2037"]
[PlyCount "68"]
[EventDate "2024.01.18"]
[WhiteTeam "SK LJUBLJANA TAJFUN"]
[BlackTeam "SD VRHNIKA"]

1. e4 e5 2. Nf3 Nc6 3. Bb5 g6 4. O-O Bg7 5. c3 d6 6. d4 Bd7 7. Re1 a6 8. Bf1
Nf6 9. Nbd2 O-O 10. a4 Re8 11. d5 Ne7 12. Nc4 Nh5 13. a5 Rf8 14. Ra3 h6 15. b4
f5 16. exf5 Nxf5 17. Ne3 Nh4 18. Nd2 Nf5 19. Ne4 Nf6 20. Nxf5 gxf5 21. Nxf6+
Qxf6 22. f4 Kh7 23. Be3 Rae8 24. Qd2 Qh4 25. g3 Qg4 26. Raa1 h5 27. Be2 Qg6 28.
Kf2 Re7 29. Rac1 h4 30. c4 Bh6 31. Rg1 Rfe8 32. Rce1 Qf6 33. Bh5 Rg8 34. Bf3
Rge8 1/2-1/2

[Event "76. LJUBLJANSKA SAHOVSKA LIGA 2024"]
[Site "gostovanja"]
[Date "2024.04.14"]
[Round "8.1"]
[White "Sirk, Matija"]
[Black "Sfiligoj, Anze"]
[Result "0-1"]
[WhiteElo "1625"]
[BlackElo "1685"]
[PlyCount "88"]
[EventDate "2024.01.18"]
[WhiteTeam "SD VRHNIKA"]
[BlackTeam "SK LJUBLJANA TAJFUN"]

1. e4 e5 2. Bc4 Nc6 3. Nf3 Nf6 4. d4 exd4 5. e5 d5 6. Bb5 Nd7 7. Bxc6 bxc6 8.
e6 fxe6 9. Nxd4 Nf6 10. Bf4 c5 11. Nc6 Qd7 12. Ne5 Qb5 13. Nd3 Bd6 14. Nc3 Qb6
15. O-O Bxf4 16. Nxf4 O-O 17. Re1 Bd7 18. Qf3 Rae8 19. Rad1 c6 20. Qg3 d4 21.
Ne4 Nxe4 22. Rxe4 Rf5 23. b3 Qd8 24. Nd3 Bc8 25. Rde1 Rg5 26. Qh4 e5 27. Nxe5
Rexe5 28. Qxg5 Qxg5 29. Rxe5 Qd2 30. Re8+ Kf7 31. R1e7+ Kf6 32. Re2 Qc3 33. h4
Bf5 34. Rf8+ Kg6 35. f3 d3 36. cxd3 Qd4+ 37. Kh1 Qxh4+ 38. Kg1 Qd4+ 39. Kh1 h5
40. Rfe8 Qxd3 41. R8e3 Qd4 42. Re1 c4 43. g4 hxg4 44. fxg4 Bxg4 0-1

[Event "76. LJUBLJANSKA SAHOVSKA LIGA 2024"]
[Site "gostovanja"]
[Date "2024.04.14"]
[Round "8.2"]
[White "Benko, Bostjan"]
[Black "Osolin, Bojan"]
[Result "1/2-1/2"]
[WhiteElo "1835"]
[BlackElo "2086"]
[PlyCount "41"]
[EventDate "2024.01.18"]
[WhiteTeam "SK ZAGORJE OB SAVI"]
[BlackTeam "SD DOMZALE"]

1. e4 e5 2. Bc4 Nc6 3. Nf3 Nf6 4. d4 exd4 5. Ng5 d5 6. exd5 Qe7+ 7. Kf1 Ne5 8.
Qxd4 Nxc4 9. Qxc4 Qc5 10. Qxc5 Bxc5 11. Nc3 Bf5 12. Bf4 O-O 13. Bxc7 Bxc2 14.
Rc1 Bd3+ 15. Kg1 h6 16. Nf3 Bf5 17. h3 Rac8 18. d6 Ne8 19. Nb5 Bxd6 20. Nxd6
Nxd6 21. Kh2 1/2-1/2

[Event "76. LJUBLJANSKA SAHOVSKA LIGA 2024"]
[Site "gostovanja"]
[Date "2024.04.14"]
[Round "8.2"]
[White "Skok, Joze"]
[Black "Medvesek, Janez"]
[Result "1-0"]
[WhiteElo "1927"]
[BlackElo "1893"]
[PlyCount "55"]
[EventDate "2024.01.18"]
[WhiteTeam "SD DOMZALE"]
[BlackTeam "SK ZAGORJE OB SAVI"]

1. e4 c6 2. d4 d5 3. exd5 cxd5 4. Bd3 Nc6 5. c3 Nf6 6. h3 e5 7. dxe5 Nxe5 8.
Qe2 Ne4 9. Bb5+ Bd7 10. Bxd7+ Kxd7 11. Nf3 Nc4 12. Qd3 Qa5 13. O-O Rd8 14. b3
Ncd6 15. Rd1 Nf6 16. Bg5 Nde4 17. c4 Kc8 18. Bxf6 Nxf6 19. Nc3 dxc4 20. Qxc4+
Qc5 21. Rxd8+ Kxd8 22. Rd1+ Kc8 23. Qf4 Qc7 24. Qf5+ Kb8 25. Nb5 Qc8 26. Qe5+
Ka8 27. Nc7+ Kb8 28. Ne6+ 1-0

[Event "76. LJUBLJANSKA SAHOVSKA LIGA 2024"]
[Site "gostovanja"]
[Date "2024.04.14"]
[Round "8.2"]
[White "Hribar, Zan"]
[Black "Timagina, Sofia"]
[Result "1-0"]
[WhiteElo "1696"]
[BlackElo "1660"]
[PlyCount "121"]
[EventDate "2024.01.18"]
[WhiteTeam "SK ZAGORJE OB SAVI"]
[BlackTeam "SD DOMZALE"]

1. d4 Nf6 2. Bg5 g6 3. Bxf6 exf6 4. Nf3 Bg7 5. e3 f5 6. Bc4 O-O 7. O-O d5 8.
Bb3 c6 9. Re1 Nd7 10. c4 Nb6 11. cxd5 cxd5 12. Nc3 Re8 13. Qd3 Be6 14. Rac1 Rc8
15. Rc2 a6 16. Rec1 Qd6 17. h4 h6 18. Qf1 Nd7 19. Nb5 Qb8 20. Nc3 Qd6 21. Na4
Nf6 22. Nc5 Qb6 23. Ne5 Red8 24. Ncd7 Nxd7 25. Rxc8 Nxe5 26. Rxd8+ Qxd8 27.
dxe5 Bxe5 28. g3 Bxb2 29. Rd1 Qa5 30. Qg2 Bf6 31. f4 Qc3 32. Qd2 d4 33. Qxc3
dxc3 34. Bxe6 fxe6 35. Rc1 b5 36. Kf2 b4 37. Ke2 a5 38. Kd3 g5 39. hxg5 hxg5
40. Kc4 gxf4 41. exf4 e5 42. Kd5 exf4 43. gxf4 Kf7 44. Rc2 a4 45. Kc4 Be7 46.
Kb5 b3 47. axb3 axb3 48. Rxc3 b2 49. Rb3 Bf6 50. Kc5 Bg7 51. Kd5 Ke7 52. Rb7+
Kf8 53. Ke6 Bc3 54. Kxf5 Ke8 55. Ke6 Kd8 56. f5 Kc8 57. Rb3 Bd4 58. f6 Kd8 59.
f7 Bg7 60. Rxb2 Kc7 61. Rg2 1-0

[Event "76. LJUBLJANSKA SAHOVSKA LIGA 2024"]
[Site "gostovanja"]
[Date "2024.04.14"]
[Round "8.2"]
[White "Skube, Zan"]
[Black "Todorovic, Sasa"]
[Result "1-0"]
[WhiteElo "1000"]
[BlackElo "1000"]
[PlyCount "83"]
[EventDate "2024.01.18"]
[WhiteTeam "SD DOMZALE"]
[BlackTeam "SK ZAGORJE OB SAVI"]

1. e4 d6 2. d4 Nf6 3. Nc3 e5 4. dxe5 dxe5 5. Qxd8+ Kxd8 6. Bg5 Be6 7. O-O-O+
Nbd7 8. Nd5 Kc8 9. Nxf6 Nxf6 10. a3 h6 11. Bh4 Bc5 12. f3 g5 13. Bg3 Nd7 14.
Bb5 c6 15. Ba4 f6 16. Ne2 Be3+ 17. Kb1 Nc5 18. Bb3 Nxb3 19. cxb3 Bxb3 20. Rd3
Bc4 21. Rxe3 Bxe2 22. Rxe2 Kc7 23. Rd2 Rad8 24. Rhd1 Rxd2 25. Rxd2 Rd8 26. Rxd8
Kxd8 27. Bf2 b6 28. b4 Kc7 29. Kc2 a6 30. g3 b5 31. h4 Kd7 32. hxg5 hxg5 33.
Kd3 Ke6 34. Be3 Kf7 35. Bd2 Ke6 36. Ke3 Kf7 37. Bc3 Ke6 38. f4 g4 39. fxe5 fxe5
40. Kd3 Kd6 41. Bxe5+ Kxe5 42. Ke3 1-0

[Event "76. LJUBLJANSKA SAHOVSKA LIGA 2024"]
[Site "gostovanja"]
[Date "2024.04.14"]
[Round "8.3"]
[White "Jese, Janez"]
[Black "Zidar, Jernej"]
[Result "0-1"]
[WhiteElo "1710"]
[BlackElo "2000"]
[PlyCount "66"]
[EventDate "2024.01.18"]
[WhiteTeam "SK MEDVODE"]
[BlackTeam "SK KOMENDA POPOTNIK"]

1. e4 c5 2. Nf3 d6 3. d4 cxd4 4. Nxd4 Nf6 5. Nc3 a6 6. f3 e5 7. Nb3 Be6 8. Be3
Be7 9. Qd2 h5 10. Nd5 Bxd5 11. exd5 Nbd7 12. Be2 Qc7 13. O-O-O b5 14. Kb1 Nb6
15. Bxb6 Qxb6 16. Qd3 O-O 17. g4 h4 18. g5 Nh5 19. g6 f5 20. Qd2 Nf4 21. Nc1
Nxg6 22. Nd3 e4 23. fxe4 fxe4 24. Bh5 e3 25. Qg2 Nf4 26. Nxf4 Rxf4 27. Rhg1 Bf6
28. Qg6 Qc7 29. Bg4 Rf2 30. Rge1 Kf8 31. Rxe3 Qc5 32. Rde1 Qxe3 33. Rd1 Qe5 0-1

[Event "76. LJUBLJANSKA SAHOVSKA LIGA 2024"]
[Site "gostovanja"]
[Date "2024.04.14"]
[Round "8.3"]
[White "Juhant, Igor"]
[Black "Arcon, Roman"]
[Result "1-0"]
[WhiteElo "1957"]
[BlackElo "1545"]
[PlyCount "39"]
[EventDate "2024.01.18"]
[WhiteTeam "SK KOMENDA POPOTNIK"]
[BlackTeam "SK MEDVODE"]

1. e4 d5 2. f3 e5 3. exd5 Bc5 4. Qe2 Qxd5 5. Nc3 Qe6 6. Nh3 h6 7. f4 Nc6 8. Na4
Bd6 9. c3 Bd7 10. fxe5 Nxe5 11. Nf4 Qe7 12. d4 Bxa4 13. dxe5 Bxe5 14. Nd3 Bd6
15. Be3 O-O-O 16. b3 Qf6 17. Bd4 Qh4+ 18. g3 Qxd4 19. cxd4 Re8 20. bxa4 1-0

[Event "76. LJUBLJANSKA SAHOVSKA LIGA 2024"]
[Site "gostovanja"]
[Date "2024.04.14"]
[Round "8.3"]
[White "Krupenko, Andrej"]
[Black "Kobold, Andrej"]
[Result "0-1"]
[WhiteElo "1297"]
[BlackElo "1958"]
[PlyCount "78"]
[EventDate "2024.01.18"]
[WhiteTeam "SK MEDVODE"]
[BlackTeam "SK KOMENDA POPOTNIK"]

1. d4 d5 2. c4 c6 3. Nc3 Nf6 4. cxd5 cxd5 5. Nf3 Nc6 6. e3 Bg4 7. h3 Bh5 8. Be2
e6 9. O-O a6 10. Bd2 Bd6 11. a3 O-O 12. Rc1 Qe7 13. Nh2 Bg6 14. Na4 Ne4 15. Be1
Rac8 16. Nc3 Rc7 17. f4 Rfc8 18. Nf3 Na5 19. Ne5 Bxe5 20. fxe5 Qg5 21. Rf3 Bh5
22. g4 Bg6 23. Rf4 Nc4 24. Bxc4 Rxc4 25. h4 Qd8 26. h5 Nxc3 27. bxc3 Be4 28.
Qb3 b5 29. Qb2 Qe7 30. Ra1 Qd8 31. Rc1 Rb8 32. Ra1 a5 33. Rc1 Qe7 34. Kf1 Qc7
35. Kg1 b4 36. Qa1 bxc3 37. Bxc3 Rb3 38. Bd2 Rxc1+ 39. Qxc1 Rb1 0-1

[Event "76. LJUBLJANSKA SAHOVSKA LIGA 2024"]
[Site "gostovanja"]
[Date "2024.04.14"]
[Round "8.3"]
[White "Cimperman, Teo"]
[Black "Sajovic, Marko"]
[Result "0-1"]
[WhiteElo "1754"]
[BlackElo "1000"]
[PlyCount "94"]
[EventDate "2024.01.18"]
[WhiteTeam "SK KOMENDA POPOTNIK"]
[BlackTeam "SK MEDVODE"]

1. e4 d5 2. exd5 Qxd5 3. Nc3 Qa5 4. Bc4 Nf6 5. Nf3 Bg4 6. O-O e6 7. Re1 Nbd7 8.
d4 c6 9. Bf4 Bb4 10. Bb3 Bxc3 11. bxc3 Qxc3 12. Re3 Qa5 13. Qd3 O-O 14. Ne5 Bf5
15. Qe2 Nxe5 16. Bxe5 Ng4 17. Rg3 Nxe5 18. dxe5 Rad8 19. Qe3 Qd2 20. Qf3 Bxc2
21. Bxc2 Qxc2 22. h4 Qf5 23. Qe2 Rd5 24. Re1 Rfd8 25. Rg5 Qf4 26. Qh5 Rd2 27.
Rf1 R8d5 28. Qh6 Kf8 29. Qxg7+ Ke7 30. h5 Rd1 31. Qf6+ Qxf6 32. exf6+ Kxf6 33.
Rxd5 Rxf1+ 34. Kxf1 cxd5 35. g4 Kg5 36. f3 Kf4 37. Ke2 b5 38. Kf2 b4 39. Kg2 a5
40. Kh3 a4 41. Kh4 b3 42. axb3 axb3 43. g5 b2 44. g6 fxg6 45. hxg6 hxg6 46. Kh3
b1=Q 47. Kh2 Kxf3 0-1

[Event "76. LJUBLJANSKA SAHOVSKA LIGA 2024"]
[Site "gostovanja"]
[Date "2024.04.14"]
[Round "8.4"]
[White "Markoja Jeraj, Sebastijan"]
[Black "Hiti, Domen"]
[Result "0-1"]
[WhiteElo "2242"]
[BlackElo "2241"]
[PlyCount "82"]
[EventDate "2024.01.18"]
[WhiteTeam "SK DOL PRI LJUBLJANI"]
[BlackTeam "SK IG"]

1. e4 e6 2. Nf3 d5 3. e5 c5 4. b4 cxb4 5. a3 Nc6 6. d4 Bd7 7. axb4 Bxb4+ 8. c3
Bf8 9. Bd3 Rc8 10. O-O Na5 11. Ng5 g6 12. f4 a6 13. g4 Be7 14. Ba3 Nc4 15. Bxe7
Qxe7 16. Qe1 h6 17. Nf3 h5 18. h3 Bb5 19. Ra2 hxg4 20. hxg4 Nh6 21. Nh2 Kd8 22.
Rf3 Ng8 23. Qf1 Qh4 24. Rg2 Ne7 25. Qe2 Kc7 26. Nf1 Nc6 27. Rfg3 Qh1+ 28. Kf2
Kb8 29. Nbd2 Nxd2 30. Qxd2 Bxd3 31. Qxd3 Ne7 32. Rg1 Qh6 33. Kf3 Rc6 34. Ne3
Qh2 35. R3g2 Rh3+ 36. Ke2 Qxf4 37. Rf1 Qg5 38. Rxf7 Rb6 39. Rf3 Rb2+ 40. Nc2
Qc1 41. Rxh3 Rxc2+ 0-1

[Event "76. LJUBLJANSKA SAHOVSKA LIGA 2024"]
[Site "gostovanja"]
[Date "2024.04.14"]
[Round "8.4"]
[White "Janzelj, Lara"]
[Black "Azinovic, Igor"]
[Result "1-0"]
[WhiteElo "2167"]
[BlackElo "1644"]
[PlyCount "77"]
[EventDate "2024.01.18"]
[WhiteTeam "SK IG"]
[BlackTeam "SK DOL PRI LJUBLJANI"]

1. d4 d5 2. c4 c6 3. cxd5 cxd5 4. Nf3 Nf6 5. Nc3 Nc6 6. Bf4 a6 7. e3 Bf5 8. Be2
e6 9. Qb3 Na5 10. Qa4+ b5 11. Nxb5 axb5 12. Bxb5+ Nd7 13. Ne5 Nc6 14. Nxc6 Rxa4
15. Nxd8 Rb4 16. Nxf7 Rxb5 17. Nxh8 Bd3 18. Kd2 Bc4 19. b3 Bb4+ 20. Kc2 Be2 21.
Kb2 Ra5 22. a3 Be7 23. Rhc1 Ra8 24. f3 g5 25. Be5 Nxe5 26. dxe5 g4 27. fxg4
Bxg4 28. h3 Bf5 29. g4 Be4 30. a4 Bg5 31. Rc6 Bxe3 32. Rf1 d4 33. Rxe6+ Kd7 34.
Rd6+ Ke7 35. Rf7+ Ke8 36. Re6+ Kd8 37. Rfe7 d3 38. Nf7+ Kc8 39. Nd6+ 1-0

[Event "76. LJUBLJANSKA SAHOVSKA LIGA 2024"]
[Site "gostovanja"]
[Date "2024.04.14"]
[Round "8.4"]
[White "Kosem, Rok"]
[Black "Rozic, Adrijan"]
[Result "1/2-1/2"]
[WhiteElo "1602"]
[BlackElo "2014"]
[PlyCount "72"]
[EventDate "2024.01.18"]
[WhiteTeam "SK DOL PRI LJUBLJANI"]
[BlackTeam "SK IG"]

1. c4 e6 2. g3 d5 3. cxd5 exd5 4. Bg2 c6 5. Nf3 Bd6 6. b3 Nf6 7. Bb2 O-O 8. d3
Re8 9. Nbd2 Bg4 10. O-O Nbd7 11. Re1 Ne5 12. Qc2 Nxf3+ 13. Nxf3 Bb4 14. Rf1 Qd6
15. a3 Ba5 16. Rad1 Bxf3 17. Bxf3 d4 18. b4 Bb6 19. Rfe1 Rad8 20. Qc4 Nd7 21.
Qc1 Ne5 22. Bg2 Qf6 23. h3 h5 24. f4 Ng6 25. e4 h4 26. f5 Ne5 27. g4 g5 28.
fxg6 Nxg6 29. Rf1 Qd6 30. Qg5 Rd7 31. Bc1 Bd8 32. Qh6 Qf8 33. Rf5 Qxh6 34. Bxh6
Be7 35. Rdf1 Bf8 36. Bg5 Bg7 1/2-1/2

[Event "76. LJUBLJANSKA SAHOVSKA LIGA 2024"]
[Site "gostovanja"]
[Date "2024.04.14"]
[Round "8.5"]
[White "Veskovic, Dzemal"]
[Black "Babarovic, Fran"]
[Result "0-1"]
[WhiteElo "1811"]
[BlackElo "1644"]
[PlyCount "56"]
[EventDate "2024.01.18"]
[WhiteTeam "SD MENGES - TRZIN"]
[BlackTeam "SK KOMENDA POGI"]

1. e4 e5 2. Nc3 Nf6 3. h3 d5 4. exd5 Nxd5 5. Bc4 Be6 6. Nxd5 Bxd5 7. Bxd5 Qxd5
8. Qf3 c6 9. Qxd5 cxd5 10. Ne2 Nc6 11. c3 e4 12. O-O Ne5 13. Nd4 Bc5 14. Nb3
Bb6 15. a4 a5 16. Kh1 Nd3 17. f3 f5 18. fxe4 fxe4 19. Rf5 Rd8 20. Rb1 Ke7 21.
Na1 Rhf8 22. g4 g6 23. Rxf8 Rxf8 24. Nb3 Rf1+ 25. Kg2 Rg1+ 26. Kh2 Ne1 27. h4
Nf3+ 28. Kh3 Bf2 0-1

[Event "76. LJUBLJANSKA SAHOVSKA LIGA 2024"]
[Site "gostovanja"]
[Date "2024.04.14"]
[Round "8.5"]
[White "Macek, Inti"]
[Black "Sedlar, Tomo"]
[Result "0-1"]
[WhiteElo "1408"]
[BlackElo "1786"]
[PlyCount "88"]
[EventDate "2024.01.18"]
[WhiteTeam "SK KOMENDA POGI"]
[BlackTeam "SD MENGES - TRZIN"]

1. d4 d5 2. Nf3 Nf6 3. c4 c6 4. Nc3 e6 5. Bg5 h6 6. Bxf6 Qxf6 7. e3 Bd6 8. Rc1
O-O 9. Bd3 dxc4 10. Bxc4 Nd7 11. O-O Re8 12. Bb3 Bc7 13. d5 exd5 14. Nxd5 Qd6
15. Nxc7 Qxc7 16. Qd4 Nf6 17. Rfd1 Bg4 18. Qd6 Qxd6 19. Rxd6 Bxf3 20. gxf3 Red8
21. Rcd1 Rxd6 22. Rxd6 Kf8 23. e4 Ke7 24. e5 Ne8 25. Rd4 Nc7 26. Rg4 g6 27. Rb4
b6 28. Rc4 c5 29. Rf4 Ne6 30. Rf6 Nd8 31. Kf1 b5 32. Bd5 Rc8 33. Ke2 c4 34. Ra6
Rc7 35. a3 Rd7 36. Be4 Ne6 37. Ra5 Nd4+ 38. Ke1 g5 39. Ra6 h5 40. h3 h4 41. Rf6
Ne6 42. Bc6 Rc7 43. Bxb5 Rc5 44. Ba6 Rxe5+ 0-1

[Event "76. LJUBLJANSKA SAHOVSKA LIGA 2024"]
[Site "gostovanja"]
[Date "2024.04.14"]
[Round "8.5"]
[White "Perme, Stanko"]
[Black "Strajhar, Albin"]
[Result "1/2-1/2"]
[WhiteElo "1056"]
[BlackElo "1655"]
[PlyCount "83"]
[EventDate "2024.01.18"]
[WhiteTeam "SK KOMENDA POGI"]
[BlackTeam "SD MENGES - TRZIN"]

1. e4 e5 2. Nf3 d6 3. Bc4 Be6 4. Bb3 Nc6 5. O-O Nd4 6. c3 Nxf3+ 7. Qxf3 Qf6 8.
Qxf6 Nxf6 9. f3 Be7 10. d4 Bxb3 11. axb3 O-O 12. Be3 a5 13. Nd2 b5 14. Rfc1 c5
15. dxc5 dxc5 16. Nf1 Rfd8 17. Ng3 g6 18. Rd1 Rxd1+ 19. Rxd1 a4 20. bxa4 Rxa4
21. Ne2 Ra2 22. Rd2 Kf8 23. b4 Ra1+ 24. Kf2 cxb4 25. Rb2 Ra4 26. Bd2 Bc5+ 27.
Kg3 b3 28. Nc1 Nh5+ 29. Kg4 f5+ 30. Kh3 fxe4 31. fxe4 Rxe4 32. Rxb3 Be3 33.
Bxe3 Rxe3+ 34. g3 Nf4+ 35. Kh4 Nd5 36. Rxb5 Nxc3 37. Rb3 h6 38. Rb8+ Kf7 39.
Rb7+ Kf6 40. Rb6+ Kf7 41. Rb7+ Kf6 42. Rb6+ 1/2-1/2

[Event "76. LJUBLJANSKA SAHOVSKA LIGA 2024"]
[Site "gostovanja"]
[Date "2024.04.14"]
[Round "8.6"]
[White "Bohorc, Edo"]
[Black "Jakob, Matthias"]
[Result "1/2-1/2"]
[WhiteElo "2027"]
[BlackElo "2007"]
[PlyCount "70"]
[EventDate "2024.01.18"]
[WhiteTeam "SD CRNI GRABEN"]
[BlackTeam "SK TRZIN BUSCOTRADE"]

1. e4 e6 2. d4 d5 3. exd5 exd5 4. Bd3 Nc6 5. c3 Bd6 6. Nf3 Nge7 7. Bg5 f6 8.
Bh4 O-O 9. Qc2 g6 10. O-O Bf5 11. Nbd2 Qd7 12. Rfe1 a6 13. Bg3 Bxg3 14. hxg3
Rae8 15. Nf1 Bxd3 16. Qxd3 Nf5 17. Ne3 Nce7 18. Nxf5 Nxf5 19. Rxe8 Rxe8 20. Re1
Nd6 21. Re2 Kf7 22. Kf1 Rxe2 23. Qxe2 Qe6 24. Qxe6+ Kxe6 25. Nd2 b6 26. Ke2 c6
27. Kd3 a5 28. a4 h6 29. b4 h5 30. bxa5 bxa5 31. Nb3 Nc4 32. f3 Kd6 33. Nc5 g5
34. Ke2 Ke7 35. Kd3 Kd6 1/2-1/2

[Event "76. LJUBLJANSKA SAHOVSKA LIGA 2024"]
[Site "gostovanja"]
[Date "2024.04.14"]
[Round "8.6"]
[White "Lah, Emil"]
[Black "Skok, Boris"]
[Result "1/2-1/2"]
[WhiteElo "1943"]
[BlackElo "1925"]
[PlyCount "22"]
[EventDate "2024.01.18"]
[WhiteTeam "SK TRZIN BUSCOTRADE"]
[BlackTeam "SD CRNI GRABEN"]

1. e4 c5 2. Nf3 e6 3. d4 cxd4 4. Nxd4 Nc6 5. Nc3 Qc7 6. g3 a6 7. Bg2 h5 8. Be3
Nf6 9. Nxc6 bxc6 10. h3 Rb8 11. Rb1 d6 1/2-1/2

[Event "76. LJUBLJANSKA SAHOVSKA LIGA 2024"]
[Site "gostovanja"]
[Date "2024.04.14"]
[Round "8.6"]
[White "Osolin, Bogdan"]
[Black "Krupenko, Peter"]
[Result "1/2-1/2"]
[WhiteElo "1916"]
[BlackElo "1974"]
[PlyCount "75"]
[EventDate "2024.01.18"]
[WhiteTeam "SD CRNI GRABEN"]
[BlackTeam "SK TRZIN BUSCOTRADE"]

1. e4 e5 2. Nf3 Nf6 3. Nc3 Nc6 4. d4 exd4 5. Nxd4 Bb4 6. Nxc6 bxc6 7. Bd3 O-O
8. O-O d5 9. exd5 cxd5 10. Bg5 c6 11. Qf3 h6 12. Bxf6 Qxf6 13. Qxf6 gxf6 14.
Ne2 Bd7 15. Ng3 Rfe8 16. c3 Bd6 17. Nh5 Be7 18. Rfe1 Bg4 19. Rxe7 Bxh5 20. Rae1
Kf8 21. Rxe8+ Rxe8 22. Rxe8+ Kxe8 23. b4 Bd1 24. f4 Kd7 25. Kf2 Kd6 26. Ke3 c5
27. a3 Ba4 28. g3 Bd1 29. Bb5 Bb3 30. Be2 Bc2 31. h4 Ba4 32. Bd3 Bd1 33. Bh7
Bg4 34. Bc2 Kc6 35. Ba4+ Kd6 36. Be8 Ke7 37. Bc6 Kd6 38. Be8 1/2-1/2

[Event "76. LJUBLJANSKA SAHOVSKA LIGA 2024"]
[Site "gostovanja"]
[Date "2024.04.14"]
[Round "8.7"]
[White "Novakovic, Gosto"]
[Black "Vesel, Vito"]
[Result "1-0"]
[WhiteElo "1706"]
[BlackElo "1000"]
[PlyCount "113"]
[EventDate "2024.01.18"]
[WhiteTeam "ZELENCI LPP"]
[BlackTeam "SD KOCEVJE"]

1. e4 e5 2. Nf3 d6 3. Bc4 Bg4 4. h3 Bxf3 5. Qxf3 Nf6 6. Nc3 Nc6 7. Nd5 Nd4 8.
Nxf6+ Qxf6 9. Qxf6 gxf6 10. Bd3 c5 11. c3 Ne6 12. Bb5+ Ke7 13. d3 a6 14. Ba4 h5
15. h4 Bh6 16. Bxh6 Rxh6 17. g3 Ng7 18. Bb3 f5 19. Bd5 Rb8 20. a4 fxe4 21. dxe4
f5 22. f3 fxe4 23. fxe4 Ne6 24. O-O Rg6 25. Kh2 Rg7 26. Rf5 Nc7 27. Bb3 b5 28.
a5 Rf8 29. Rxf8 Kxf8 30. Rf1+ Ke7 31. Rf5 Ne8 32. Bd1 Nf6 33. Bf3 Ng4+ 34. Bxg4
Rxg4 35. Rxh5 Rxe4 36. Rh7+ Ke6 37. Ra7 Re2+ 38. Kh3 Rxb2 39. Rxa6 e4 40. Ra8
Ra2 41. g4 Kf6 42. a6 e3 43. Kg3 b4 44. cxb4 cxb4 45. a7 d5 46. g5+ Kg7 47. h5
b3 48. h6+ Kh7 49. g6+ Kxh6 50. Rh8+ Kxg6 51. a8=Q Rxa8 52. Rxa8 Kf5 53. Kf3 d4
54. Rb8 Ke5 55. Rxb3 Kd5 56. Ke2 Kc4 57. Rb8 1-0

[Event "76. LJUBLJANSKA SAHOVSKA LIGA 2024"]
[Site "gostovanja"]
[Date "2024.04.14"]
[Round "8.7"]
[White "Kosmrlj, Aleksej"]
[Black "Becic, Semso"]
[Result "1/2-1/2"]
[WhiteElo "1000"]
[BlackElo "1595"]
[PlyCount "52"]
[EventDate "2024.01.18"]
[WhiteTeam "SD KOCEVJE"]
[BlackTeam "ZELENCI LPP"]

1. e4 e5 2. Nf3 d6 3. d4 Bg4 4. dxe5 Bxf3 5. Qxf3 dxe5 6. Nc3 c6 7. Bd2 Nd7 8.
O-O-O Qf6 9. Be2 O-O-O 10. Qxf6 Ngxf6 11. Bg5 Be7 12. Bxf6 Nxf6 13. Bc4 Rhf8
14. Rxd8+ Kxd8 15. Rd1+ Kc7 16. f3 Nd7 17. Rf1 f6 18. Rd1 Nc5 19. b4 Nd7 20. a3
a6 21. Be6 Rd8 22. Bf5 g6 23. Rxd7+ Rxd7 24. Bxd7 Kxd7 25. Kb2 b5 26. Kb3 f5
1/2-1/2

[Event "76. LJUBLJANSKA SAHOVSKA LIGA 2024"]
[Site "gostovanja"]
[Date "2024.04.14"]
[Round "8.7"]
[White "Rasic, Mehmed"]
[Black "Krasovec, Matej"]
[Result "1-0"]
[WhiteElo "1000"]
[BlackElo "1000"]
[PlyCount "120"]
[EventDate "2024.01.18"]
[WhiteTeam "ZELENCI LPP"]
[BlackTeam "SD KOCEVJE"]

1. e4 e5 2. Bc4 Nf6 3. d3 Nc6 4. Nc3 Bc5 5. h3 Na5 6. Bb3 d6 7. Nge2 Nxb3 8.
axb3 Be6 9. Bg5 a6 10. O-O h6 11. Bh4 O-O 12. Kh1 g5 13. Bg3 Nh5 14. Bh2 f5 15.
d4 exd4 16. Nxd4 Qf6 17. Nxe6 Qxe6 18. Qxh5 fxe4 19. Qe2 Rae8 20. f3 exf3 21.
Qxe6+ Rxe6 22. gxf3 Bd4 23. Kg2 Bxc3 24. bxc3 Kg7 25. Rae1 Ref6 26. Re7+ R8f7
27. Rxf7+ Kxf7 28. f4 gxf4 29. Rxf4 Rxf4 30. Bxf4 h5 31. Kf3 Kf6 32. Ke4 Ke6
33. c4 c6 34. Be3 b5 35. cxb5 axb5 36. Kf4 Kf6 37. Bb6 c5 38. Bd8+ Kg6 39. Be7
c4 40. Bxd6 cxb3 41. cxb3 Kf6 42. Ke4 Ke6 43. Bc7 Kd7 44. Bb8 Kc8 45. Be5 Kd7
46. Kd5 Ke7 47. Kc5 Ke6 48. Bc7 Kd7 49. Bf4 Ke6 50. Kxb5 Kf5 51. Bc7 Kg5 52.
Bd8+ Kf4 53. Kc5 Kg3 54. h4 Kg4 55. b4 Kf4 56. b5 Kg4 57. b6 Kf4 58. b7 Kg4 59.
b8=Q Kf3 60. Qe5 Kg4 1-0

[Event "76. LJUBLJANSKA SAHOVSKA LIGA 2024"]
[Site "gostovanja"]
[Date "2024.04.14"]
[Round "8.8"]
[White "Lanjscek, Miha"]
[Black "Baric, Dusan"]
[Result "0-1"]
[WhiteElo "1745"]
[BlackElo "1929"]
[PlyCount "66"]
[EventDate "2024.01.18"]
[WhiteTeam "SK TRZIN"]
[BlackTeam "SK VISNJA GORA - STICNA"]

1. d4 Nf6 2. c4 g6 3. Nc3 Bg7 4. e4 d6 5. h3 O-O 6. Nf3 Nc6 7. Be3 e5 8. d5 Ne7
9. Qd2 Ne8 10. g4 f5 11. gxf5 gxf5 12. exf5 Nxf5 13. Bg5 Nf6 14. O-O-O Bd7 15.
Bd3 Qe8 16. Bxf5 Bxf5 17. Nh4 Bd7 18. Rhg1 Kh8 19. Bh6 Rg8 20. Bxg7+ Rxg7 21.
f4 Qh5 22. Rxg7 Kxg7 23. fxe5 dxe5 24. Rg1+ Kh8 25. Qf2 Qh6+ 26. Kb1 Qf4 27.
Rf1 Qxf2 28. Rxf2 Kg7 29. Nf3 Re8 30. Re2 e4 31. Ng5 h6 32. Ngxe4 Nxe4 33. Rxe4
Bf5 0-1